000 02095ncm1a2200373 i 4500
001 RU\NLR\ONIZ\224041
005 20241221123003.0
035 _aRU\NLR\ONIZ\NATA\5000016331\20180906153748
035 _a(NLR Aleph) 011806874
090 _a11896913
_c11896913
100 _a20180906d1969 |||y0rusy50 ca
101 0 _arus
102 _aRU
125 _azx
128 _awz
145 0 _ab
200 1 _aАльбом классического вальса
_bНоты
_eдля фортепиано
_e[в 4 т.]
_fсост. и ред. К. С. Сорокина
210 _aМосква
_cСоветский композитор
_d1969
215 _d30 см
225 1 _aБиблиотека пианиста-любителя
313 _aСистематизация документа проведена по изданию - Методика классифицирования музыкальных произведений (нотных изданий) по таблицам Библиотечно-библиографических классификаций : метод. рекомендации / Гос. б-ка СССР им. В.И. Ленина.- М., 1977. Индексу ББК методических рекомендаций присваивается код ББК для научных библиотек - LBC/SL
606 1 _aТанцевальная музыка для фортерпиано
_yЕвропа
_2nlr_sh
606 1 _aВальсы для фортепиано
_yЕвропа
_z18-20 вв.
_2nlr_sh
608 _aВальс (фортепиано)
_xНоты
_yЕвропа
_z18-20 вв.
_2nlr_sh
686 _aЩ954.2-058.55(4)я43
_vLBC/SL
_2rubbk
686 _aЩ954.2-09-058.55(4)я43
_vLBC/SL
_2rubbk
702 1 _9z01790
_aСорокин
_bК. С.
_f1909-1998
_gКонстантин Степанович
_4340
_7ca
790 1 _9z01702
_aSorokin
_bK. S.
_f1909-1998
_gKonstantin Stepanovič
_4340
_7ba
801 0 _aRU
_bNLR
_c20180906
_gPSBO
801 1 _aRU
_bNLR
_c20180906
_2rusmarc
801 2 _aRU
_bNLR
_c20190522
942 _cSCORE
980 _aONIZ